The Ultimate Golf Quiz - Statistics

General Stats
  • This quiz has been taken 76 times
  • The average score is 14 of 23
Answer Stats
Hint Answer % Correct
1 Under Par Birdie
97%
2 Under Par Eagle
97%
3 Under Par Albatross
93%
The Name Given To The Helper Who Carries The GolfersBag Caddie
84%
Where is The Masters Held Augusta National
82%
How Many Players Are In Each Ryder Cup Team 12
81%
Peice Of Ground Taken Out When Club Hits The Ground Divot
79%
What Is It Called When You Play A Purposeful Shot That Bends To The Left Draw
78%
Another Word For a 0 Handicap Scratch
78%
Oldest Golf Course In The World St Andrews
78%
What Is It Called When You Play A Purposeful Shot That Bends To The Right Fade
76%
Current Ranked No1. Golfer Scottie Scheffler
76%
Danger Word On A Golf Course Fore
69%
Furthest Hitting Iron 1 Iron
66%
What Is The Ryder Cups Format Of Play Matchplay
63%
The Second Shots name after losing the first one Provisional
54%
What Is The Term When Getting On The Green With 2 PuttsFor Par Green In Regulation
49%
Tiger Woods' Sponsor Taylor Made
43%
4 Under Par Condor
36%
Format Of Play Where Handicap Is Taken Off Score Medal
9%
First Type Of Clubs used Typically Made From Wood Hickery
7%
What Is The Name Given To A Score That Surpasses The Maximum Shots Allowed To Get Points Per Hole Blob
6%
Double Levelled Greens Name Mackenzie
4%
No matching quizzes found
Score Distribution
Percent of People with Each Score
Percentile by Number Answered
Your Score History
You have not taken this quiz